00183nam a22000737a 4500082001200000245002100012260006700033300000900100 a664 OIL aThe oil venture/ aLondon:bShell International Petroleum Company Limited,c1969. a60p: